logo

Bir Sreshtho Munshi Abdur Rouf Library
Jhenaidah Cadet College

THE ROMANCE OF READING / (Record no. 4596)

MARC details
000 -LEADER
fixed length control field 00560nam a2200229 a 4500
001 - CONTROL NUMBER
JCCL Control Number 4596
003 - CONTROL NUMBER IDENTIFIER
JCCL marc code BD-JhCC
005 - DATE AND TIME OF LATEST TRANSACTION
control field 20171128201159.0
008 - FIXED-LENGTH DATA ELEMENTS--GENERAL INFORMATION
fixed length control field 171128s1948 e |||| ||a| 000 0 eng d
035 ## - SYSTEM CONTROL NUMBER
system control number (BD-JhCC) 4596
040 ## - CATALOGING SOURCE
Original cataloging agency BD-JhCC
Modifying agency BD-JhCC
041 ## - LANGUAGE CODE
Language code of Book eng
082 ## - DEWEY DECIMAL CLASSIFICATION NUMBER
Classification number 428.6
Author mark and Year ROM 1948
245 ## - TITLE STATEMENT
Title THE ROMANCE OF READING /
Remainder of title R K and M I R
260 ## - PUBLICATION, DISTRIBUTION, ETC. (IMPRINT)
Place of publication, distribution, etc London :
Name of publisher, distributor, etc Oxford University press ,
Date of publication, distribution, etc 1948
300 ## - PHYSICAL DESCRIPTION
Pagination 224 p .:
Dimensions 22 cm .
490 ## - SERIES STATEMENT
Series statement Book IV
650 ## - SUBJECT ADDED ENTRY--TOPICAL TERM
Topical term or geographic name as entry element Readers
700 ## - ADDED ENTRY--PERSONAL NAME
Personal name Polkinghorne
942 ## - ADDED ENTRY ELEMENTS (KOHA)
Source of classification or shelving scheme Dewey Decimal Classification
Koha item type Books
Holdings
Source of classification or shelving scheme Damaged status Not for loan Home library Current library Shelving location Date of accession Total Checkouts Full call number Barcode Date last seen Copy number Koha item type
Dewey Decimal Classification     JCC Rouf Library JCC Rouf Library General Stacks 11/28/2017   428.6 ROM 1948 6065 11/28/2017 C-1 Books

JCC Library | Contacts | JCC Home

Last Update on 23 September 2017
Copyright @ 2017-2020 JCC Rouf Library
Rouf Library, Jhenidah Cadet College (JCC), Bangladesh